Estaciones de Jerusalén, para servir de asunto de meditación sobre la pasión de nuestro señor Jesucristo

Detalles Bibliográficos
Autor principal: PARVILLIERS
Formato: Libro
Publicado: San Luis Potosí 1856
Materias:
Colección:Banco de datos
Acervo:Biblioteca del Ex Convento de Nuestra Señora de Guadalupe. Zacatecas
Tema general:Ascética
Notas:Buena. XIV,7,19 (4912). Encuadernado con siete obras más
LEADER 00782nam a22001930004500
035 |a 45838 
036 |a 7022 
100 1 |a PARVILLIERS 
245 1 0 |a Estaciones de Jerusalén, para servir de asunto de meditación sobre la pasión de nuestro señor Jesucristo  |c tr. Benito Aragonés 
260 |a San Luis Potosí  |b imp. Silveiro M. Velez  |c 1856 
500 |a Buena. XIV,7,19 (4912). Encuadernado con siete obras más 
650 1 0 |a Ascética 
949 |a CRZ-CG 
959 |a Ex convento de Nuestra Señora de Guadalupe, Museo Regional de Zacatecas, Zacatecas  |b CCC4 
960 |a Convento de Nuestra Señora de Guadalupe, Zacatecas  |b DD87 
961 |a Franciscana  |b OF 
942 |c CRZ-CG 
943 |g Biblioteca del Ex Convento de Nuestra Señora de Guadalupe. Zacatecas 
999 |c 969965  |d 969965